[Event "ESP-ch U12"]
[Site "Salobrena"]
[Date "2023.07.10"]
[Round "1"]
[White "Barrios Del Pozo, Oscar"]
[Black "Sanchez Gonzalez, Diego"]
[Result "0-1"]
[WhiteElo "1250"]
[BlackElo "1724"]
[PlyCount "62"]
[EventDate "2023.07.10"]
[EventType "swiss"]
[EventRounds "9"]
[EventCountry "ESP"]
[SourceTitle "EXT 2024"]
[Source "ChessBase"]
[SourceDate "2023.10.10"]
[SourceVersion "1"]
[SourceVersionDate "2023.10.10"]
[SourceQuality "1"]

1. Nf3 d5 2. d4 Nf6 3. e3 Bf5 4. Bd3 Bg6 5. 0-0 e6 6. Bxg6 hxg6 7. Qe2 c6 8. Nbd2 Bd6 9. e4 Nxe4 10. Nxe4 dxe4 11. Qxe4 Nd7 12. Qd3 Qc7 13. h3 0-0-0 14. Re1 f6 15. Qxg6 Nf8 16. Qe4 g5 17. Qg4 Kb8 18. c4 Rd7 19. c5 Bf4 20. Bxf4 gxf4 21. h4 Rg7 22. Qh3 Rhg8 23. Kh1 Qf7 24. Rg1 Qh5 25. Nh2 Rh8 26. g3 Qd5+ 27. Rg2 Qxd4 28. Rb1 Qxc5 29. Ng4 Qf5 30. Rgg1 Rxg4 31. gxf4 Rxg1+ 0-1